000 00668nam a2200229 a 4500
001 9717
003 CO-ViMGA
008 141112s2004 ck r 000 u spa d
020 _a9800105646
040 _aCO-ViMGA
_bspa
_cCO-ViMGA
082 0 4 _a321.8 R456
100 1 _aRey Barragán ; Hausmann,
_911376
245 1 0 _aAmérica Latina :
_bAlternativas para la Democracia
260 _aCaracas; Venezuela :
_bMonte Avila LatinoAmérica C.A,
_c1992
300 _a113p.
590 _aEjemplares : 3
650 1 4 _aDEMOCRACIA
_911377
650 1 4 _aGOBIERNO CONSTITUCIONAL
_911378
650 1 4 _aPARLAMENTO
_911379
650 1 4 _aPARTIDOS POLITICOS
_9200
942 _2ddc
_cBK
999 _c21164
_d21164